000
00321nam a22001337a 4500
008
250625b |||||||| |||| 00| 0 eng d
020
_a
0787243779
050
_a
HD62.5
_b
.I37
100
_a
IBRAHIM, Bakr A.
245
_a
Family Business Management
260
_a
U.S.A
_b
Kendall/Hunt
_c
1994
300
_a
557p.
942
_c
BK
999
_c
3973
_d
3973